[Event "Under 1700"]
[Site "SchemingMind.com"]
[Date "2009.11.09"]
[Round "-"]
[White "lemmie"]
[Black "XTC"]
[Result "0-1"]
[WhiteCountry "NED"]
[BlackCountry "COL"]
[WhiteElo "1589"]
[WhiteRD "50"]
[BlackElo "1679"]
[BlackRD "53"]
[GameID "225846"]

1. e4 e5 2. Nf3 Nc6 3. Bc4 Nf6 4. Ng5 d5 5. exd5 Nd4 6. c3 b5 7. Bf1 Nxd5 8. Nxf7 Kxf7 9. cxd4 a6 10. dxe5 Bb4
11. a3 Bc5 12. Qf3+ Kg8 13. Nc3 Be6 14. b4 Bd4 15. Bb2 Bxe5 16. Be2 Qd6 17. O-O Bxh2+ 18. Kh1 Be5 19. Rab1 Rf8 20. Qd3 Bxc3
21. Bxc3 Bf5 22. Qd4 Rf7 23. Rbc1 Nxc3 24. Qxd6 cxd6 25. Rxc3 Bd7 26. Rc7 Be6 27. Rc6 Ra7 28. Re1 Kf7 29. Bh5+ g6 30. Bf3 Rd8
31. d4 Bc4 32. d5 h5 33. Re6 a5 34. Be4 axb4 35. axb4 Ra1+ 36. Kh2 Rd1 37. Bxg6+ Kf8 38. Bxh5 Bxd5 39. Rf6+ Ke7 40. Bxd1 Bxc6
41. Rf4 Rh8+ 42. Kg3 Rh1 43. Bf3 Bd7 44. Re4+ Kd8 45. Kf4 Rh4+ 46. g4 Kc7 47. Kg3 Rh8 48. Re7 Kd8 49. Rg7 Re8 50. Ba8 Kc7
51. f3 Rxa8 52. g5 Kc6 53. g6 Ra4 54. Re7 Ra8 55. g7 Rg8 56. f4 d5 57. Kh4 d4 58. Kg5 Kd6 59. Kf6 Be8 60. Re6+ Kd5
61. f5 Bh5 62. Re7 d3 63. Rd7+ Kc4 64. Kg5 Be8 65. Rc7+ Kxb4 66. f6 d2 67. Kh6 d1=Q 68. f7 Qd6+ 69. Kh7 Rxg7+ 70. Kxg7 Qxc7
71. Kf8 Qxf7#
0-1

[Event "Under 1700"]
[Site "SchemingMind.com"]
[Date "2009.11.08"]
[Round "-"]
[White "lemmie"]
[Black "Gilligan"]
[Result "1/2-1/2"]
[WhiteCountry "NED"]
[BlackCountry "USA"]
[WhiteElo "1589"]
[WhiteRD "50"]
[BlackElo "1613"]
[BlackRD "77"]
[GameID "225847"]

1. e4 e5 2. Nf3 d6 3. Bc4 Be6 4. Bxe6 fxe6 5. O-O Nf6 6. Nc3 Be7 7. d3 O-O 8. Be3 Nbd7 9. Ng5 Qb8 10. a3 c6
11. Nxe6 Re8 12. Ng5 h6 13. Nf3 Ng4 14. Qd2 Rf8 15. Bxh6 Nxh6 16. h3 Qc7 17. Nh2 Rae8 18. Ne2 d5 19. f4 Bd6 20. f5 Rf6
21. Rf3 Qb6+ 22. Kh1 Qxb2 23. Rc1 Bxa3 24. Rg3 Nf7 25. Ng4 Rd6 26. f6 Nxf6 27. Nh6+ Nxh6 28. Qxh6 Re7 29. Rf1 Nxe4 30. Qh4 Nxg3+
31. Nxg3 Rh6 32. Qg4 Qxc2 33. Nf5 Rf6 34. Nxe7+ Bxe7 35. Rxf6 Bxf6 36. Qg6 e4 37. Qe8+= Kh7 38. Qh5+=
1/2-1/2

[Event "Under 1700"]
[Site "SchemingMind.com"]
[Date "2009.11.08"]
[Round "-"]
[White "lemmie"]
[Black "mmccaffe"]
[Result "0-1"]
[WhiteCountry "NED"]
[BlackCountry "USA"]
[WhiteElo "1589"]
[WhiteRD "50"]
[BlackElo "1689"]
[BlackRD "58"]
[GameID "225848"]

1. e4 e5 2. Nf3 Nc6 3. Bc4 Bc5 4. d3 h6 5. Nc3 Nf6 6. a3 a6 7. h3 d6 8. O-O O-O 9. b4 Ba7 10. Bd2 Qe7
11. Qc1 Be6 12. Bxe6 Qxe6 13. Bxh6 gxh6 14. Qxh6 Nh7 15. Qh4 Qf6 16. Qg3+ Qg6 17. Qh2 Ng5 18. Nh4 Qh5 19. Nf5 Nd4 20. Ng3 Ndf3+
21. gxf3 Nxf3+ 22. Kg2 Nxh2 23. Kxh2 Qf3 24. Nf5 f6 25. Nh6+ Kh7 26. Nf5 Rg8 27. Ng3 Bxf2 28. Nd5 Qxg3+ 29. Kh1 Qg2#
0-1

[Event "Under 1700"]
[Site "SchemingMind.com"]
[Date "2009.11.09"]
[Round "-"]
[White "lemmie"]
[Black "nhitchings"]
[Result "0-1"]
[WhiteCountry "NED"]
[BlackCountry "USA"]
[WhiteElo "1633"]
[WhiteRD "49"]
[BlackElo "1517"]
[BlackRD "92"]
[GameID "225849"]

1. e4 e5 2. Nf3 Nc6 3. Bc4 Bc5 4. c3 Nf6 5. Ng5 O-O 6. d3 Qe7 7. Qf3 d6 8. h4 h6 9. Nh3 Ng4 10. b4 Bb6
11. a4 a6 12. Qg3 Ba7 13. Nd2 h5 14. Nf3 Nd8 15. Bg5 Qe8 16. Nh2 Be6 17. Nxg4 hxg4 18. Bxd8 Rxd8 19. Bxe6 Qxe6 20. Ng5 Qb3
21. O-O f6 22. Qxg4 fxg5 23. hxg5 Rf4 24. Qh5 Qxc3 25. g6 Bxf2+ 26. Kh1 Rh4+ 27. Qxh4 Bxh4 28. Rac1 Qxd3 29. Rf7 Qxe4 30. Rcxc7 Qxg6
31. Rf1 Bg3
0-1

[Event "Under 1700"]
[Site "SchemingMind.com"]
[Date "2009.11.08"]
[Round "-"]
[White "lemmie"]
[Black "Shell"]
[Result "1-0"]
[WhiteCountry "NED"]
[BlackCountry "ENG"]
[WhiteElo "1589"]
[WhiteRD "50"]
[BlackElo "1207"]
[BlackRD "61"]
[GameID "225850"]

1. e4 e5 2. Nf3 Nc6 3. Bc4 Nf6 4. Ng5 Bc5 5. Nxf7 Bxf2+ 6. Kf1 Qe7 7. Nxh8 d5 8. exd5 Bg4 9. Be2 O-O-O 10. Bxg4+ Nxg4
11. Qxg4+ Kb8 12. Kxf2 Rxh8 13. dxc6 Qc5+ 14. Ke2 Rf8 15. Rf1 Qb5+ 16. d3 bxc6 17. Nc3 Qc5 18. Be3 Qe7 19. Rxf8+ Qxf8 20. Rf1 Qe7
21. Qa4 h6 22. Qxa7+ Kc8 23. Qc5 Kd7 24. Qxe7+ Kxe7 25. Bc5+ Ke6 26. a4
1-0

[Event "Under 1700"]
[Site "SchemingMind.com"]
[Date "2009.11.08"]
[Round "-"]
[White "lemmie"]
[Black "Imre030"]
[Result "1-0"]
[WhiteCountry "NED"]
[BlackCountry "HUN"]
[WhiteElo "1617"]
[WhiteRD "52"]
[BlackElo "1188"]
[BlackRD "93"]
[GameID "225851"]

1. e4 e5 2. Nf3 d5 3. exd5 e4 4. Qe2 Qxd5 5. Nc3 Qd8 6. Qxe4+ Qe7 7. Qxe7+ Bxe7 8. d4 Nf6 9. Bc4 O-O 10. O-O Be6
11. Bxe6 fxe6 12. Re1 Nc6 13. Rxe6 Rae8 14. d5 Nd8 15. Re1 Ng4 16. h3 Nf6 17. Bf4 Bd6 18. Bxd6 cxd6 19. Nb5 Rxe1+ 20. Rxe1 Nxd5
21. Nxd6 Nb4 22. a3 Nxc2 23. Rd1 Ne3 24. fxe3 b6 25. e4 Rf6 26. Ne8 Rc6 27. Rxd8 Rc1+ 28. Kh2 h6 29. Ne5 Re1 30. Nf6#
1-0

[Event "Under 1700"]
[Site "SchemingMind.com"]
[Date "2009.11.09"]
[Round "-"]
[White "XTC"]
[Black "lemmie"]
[Result "1-0"]
[WhiteCountry "COL"]
[BlackCountry "NED"]
[WhiteElo "1679"]
[WhiteRD "53"]
[BlackElo "1589"]
[BlackRD "50"]
[GameID "225852"]

1. e4 e5 2. Nf3 Nc6 3. Bc4 Bc5 4. b4 Bxb4 5. c3 Ba5 6. d4 exd4 7. O-O Nge7 8. Ng5 Ne5 9. Qb3 O-O 10. Bf4 Nxc4
11. Qxc4 dxc3 12. Nxc3 d6 13. Bd2 Bb6 14. Kh1 h6 15. Nf3 Be6 16. Nd5 Nc6 17. Bc3 Ne7 18. Nxe7+ Qxe7 19. Qd3 f5 20. a4 a5
21. Rab1 Rab8 22. Rb5 Bd7 23. Rd5 Bxa4 24. exf5 Bc6 25. Bxa5 Bxd5 26. Qxd5+ Kh8 27. Bxb6 cxb6 28. g4 Qe2 29. Kg2 b5 30. Qxd6 b6
31. Re1 Qc4 32. h3 Rfd8 33. Qg6 Rb7 34. f6 Qf7 35. fxg7+ Qxg7 36. Re8+ Rxe8 37. Qxe8+ Qg8 38. Qxb5 Qe6 39. Qb2+ Kg8 40. Nd4 Qd5+
41. f3 b5 42. Nf5 Qe6 43. Kg3 b4 44. Kh4 Kh7 45. Qb1 Qf6+ 46. Kg3 Qe5+ 47. f4 Qc3+ 48. Kh4 Qf6+ 49. g5 hxg5+ 50. fxg5 Qg6
51. Qe4 b3 52. Qxb7+ Kh8 53. Nd4 Qd3 54. Nxb3 Qc4+ 55. Kg3 Qc3+ 56. Qf3 Qc7+ 57. Kh4 Qh7+ 58. Kg3 Qc7+ 59. Kg4 Qc8+ 60. Kh4 Qc4+
61. Kh5 Qc2 62. Nd4 Qh7+ 63. Kg4 Qd7+ 64. Nf5 Kh7 65. h4 Qa4+ 66. Kg3 Qb4 67. Qh5+ Kg8 68. Qg6+ Kf8 69. Qg7+ Ke8 70. Qg8+ Kd7
71. Qf7+ Kd8 72. Qd5+ Kc7 73. g6 Qc3+ 74. Kg4 Qb4+ 75. Kg5 Qe1 76. g7 Qg1+ 77. Kh6 Qc1+ 78. Kh7 Qf4 79. g8=Q
1-0

[Event "Under 1700"]
[Site "SchemingMind.com"]
[Date "2009.11.08"]
[Round "-"]
[White "Gilligan"]
[Black "lemmie"]
[Result "1-0"]
[WhiteCountry "USA"]
[BlackCountry "NED"]
[WhiteElo "1613"]
[WhiteRD "77"]
[BlackElo "1589"]
[BlackRD "50"]
[GameID "225853"]

1. d4 d5 2. c4 dxc4 3. Nc3 Nf6 4. e3 e6 5. Bxc4 c5 6. Nge2 cxd4 7. exd4 Nc6 8. O-O Be7 9. a3 O-O 10. b4 a6
11. Qc2 Qc7 12. Bd3 b5 13. Ne4 Bb7 14. Bg5 h6 15. Bxf6 Bxf6 16. Nxf6+ gxf6 17. d5 exd5 18. Ng3 Qe5 19. Rae1 Qg5 20. Nf5 Rac8
21. f4 Qh5 22. Re3 Nd4 23. Ne7+ Kh8 24. Qb2 Ne6 25. Qxf6+ Ng7 26. Rh3 Qxh3 27. gxh3 d4 28. Qxh6#
1-0

[Event "Under 1700"]
[Site "SchemingMind.com"]
[Date "2009.11.08"]
[Round "-"]
[White "mmccaffe"]
[Black "lemmie"]
[Result "1-0"]
[WhiteCountry "USA"]
[BlackCountry "NED"]
[WhiteElo "1689"]
[WhiteRD "58"]
[BlackElo "1589"]
[BlackRD "50"]
[GameID "225854"]

1. e4 e5 2. Nf3 Nc6 3. Bc4 Bc5 4. d3 h6 5. Nc3 Nf6 6. h3 a6 7. O-O d6 8. a3 b5 9. Ba2 O-O 10. Bd2 Bd7
11. Qe2 Qc8 12. Nd5 Nxd5 13. Bxd5 Rb8 14. c3 Ne7 15. Ba2 Ng6 16. Kh2 Kh8 17. Rac1 f5 18. exf5 Bxf5 19. d4 exd4 20. Nxd4 Ne5
21. Qh5 Bg6 22. Qh4 Bd3 23. Rfe1 Bg6 24. Re3 Bh7 25. Rg3 Rxf2 26. Rxg7 Kxg7 27. Bxh6+ Kh8 28. Qxf2 Qd8 29. Qg3 Qf6 30. Rf1 Qxh6
31. Nf5 Bxf5 32. Rxf5 Rg8 33. Qxg8#
1-0

[Event "Under 1700"]
[Site "SchemingMind.com"]
[Date "2009.11.09"]
[Round "-"]
[White "nhitchings"]
[Black "lemmie"]
[Result "0-1"]
[WhiteCountry "USA"]
[BlackCountry "NED"]
[WhiteElo "1517"]
[WhiteRD "92"]
[BlackElo "1633"]
[BlackRD "49"]
[GameID "225855"]

1. e4 e5 2. d4 exd4 3. c3 dxc3 4. Nxc3 Nc6 5. Bc4 Bb4 6. Qb3 Bxc3+ 7. Qxc3 Nf6 8. Bd3 d6 9. Nf3 Be6 10. O-O O-O
11. b3 Ne5 12. Nxe5 dxe5 13. Bb2 h6 14. Rad1 Qe7 15. Qxe5 Rfe8 16. Qg3 Nh5 17. Qe5 Nf6 18. f3 c6 19. Rf2 Rad8 20. Rfd2 Qb4
21. Qg3 Qe7 22. Qh4 Nh7 23. Qxe7 Rxe7 24. Bc4 Rxd2 25. Rxd2 Nf8 26. Be2 b5 27. f4 a5 28. g4 Bd7 29. Bf3 Ne6 30. Be5 Be8
31. f5 Ng5 32. Bg2 Rxe5 33. h4 Nxe4 34. Re2 c5 35. Bxe4 Bc6 36. Bd3 Rxe2 37. Bxe2 b4 38. Bc4 Kf8 39. Kf2 Ke7 40. Ke3 f6
0-1

[Event "Under 1700"]
[Site "SchemingMind.com"]
[Date "2009.11.08"]
[Round "-"]
[White "Shell"]
[Black "lemmie"]
[Result "0-1"]
[WhiteCountry "ENG"]
[BlackCountry "NED"]
[WhiteElo "1207"]
[WhiteRD "61"]
[BlackElo "1589"]
[BlackRD "50"]
[GameID "225856"]

1. d4 d5 2. c4 dxc4 3. Nf3 Nf6 4. e3 e6 5. Bxc4 c5 6. O-O cxd4 7. exd4 Be7 8. Bg5 h6 9. Nc3 hxg5 10. Bb5+ Nbd7
11. Nxg5 a6 12. d5 axb5 13. d6 Bf8 14. Nxb5 Bxd6 15. Nxd6+ Ke7 16. Rc1 Ne5 17. Ngxf7 Nxf7 18. Nxf7 Kxf7 19. Qxd8 Rxd8 20. b4 Rxa2
21. b5 Rb2 22. f3 Rxb5 23. g4 Rd2 24. Rxc8 Rbb2 25. Rc7+ Kg6 26. h4 Rg2+ 27. Kh1 Rh2+ 28. Kg1 Rbg2#
0-1

[Event "Under 1700"]
[Site "SchemingMind.com"]
[Date "2009.11.08"]
[Round "-"]
[White "Imre030"]
[Black "lemmie"]
[Result "0-1"]
[WhiteCountry "HUN"]
[BlackCountry "NED"]
[WhiteElo "1188"]
[WhiteRD "93"]
[BlackElo "1617"]
[BlackRD "52"]
[GameID "225857"]

1. e4 e5 2. Nf3 Nc6 3. Nc3 Bc5 4. Bc4 h6 5. O-O Nf6 6. Qe1 d6 7. a3 a6 8. d3 Ba7 9. b4 Qe7 10. Nd5 Nxd5
11. Bxd5 Bd7 12. c4 Nd4 13. Qd1 c6 14. Nxd4 Bxd4 15. Rb1 cxd5 16. exd5 O-O 17. b5 axb5 18. cxb5 Qf6 19. Qf3 Qg6 20. Qg3 b6
21. Qxg6 fxg6 22. Be3 Bxe3 23. fxe3 Rxf1+ 24. Kxf1 Rxa3 25. d4 Rxe3 26. dxe5 Rxe5 27. Ra1 Bxb5+ 28. Kg1 Bc4 29. Ra8+ Kh7 30. Rb8 b5
31. Rd8 Rxd5 32. g4 Rd1+ 33. Kf2 d5 34. h4 b4 35. h5 gxh5 36. g5 b3 37. Re8 b2 38. g6+ Kxg6 39. Re1 Rxe1
0-1

[Event "Under 1700"]
[Site "SchemingMind.com"]
[Date "2009.11.09"]
[Round "-"]
[White "lame wolf"]
[Black "XTC"]
[Result "0-1"]
[WhiteCountry "INT"]
[BlackCountry "COL"]
[WhiteElo "1097"]
[WhiteRD "53"]
[BlackElo "1679"]
[BlackRD "53"]
[GameID "225879"]

1. b4 e5 2. a3 d5 3. Bb2 d4 4. e4 dxe3 5. fxe3 Nf6 6. Bxe5 Be7 7. c3 Nc6 8. Bb5 Bd7 9. Qc2 O-O 10. Nf3 Nxe5
11. Bxd7 Nxf3+ 12. gxf3 Qxd7 13. d4 Ne8 14. Nd2 Bh4+ 15. Ke2 Qh3 16. Qd1 Qg2+ 17. Kd3 Qg6+ 18. e4 Nd6 19. Kc2 b5 20. Kb2 a6
21. Qe2 Bg5 22. Rag1 h6 23. f4 Rfe8 24. fxg5 Nxe4 25. Rg4 Nxg5 26. Qg2 Re6 27. Qxa8+ Kh7 28. Nf3 Re2+ 29. Kb3 Qc2#
0-1

[Event "Under 1700"]
[Site "SchemingMind.com"]
[Date "2009.11.09"]
[Round "-"]
[White "lame wolf"]
[Black "Gilligan"]
[Result "0-1"]
[WhiteCountry "INT"]
[BlackCountry "USA"]
[WhiteElo "1097"]
[WhiteRD "53"]
[BlackElo "1613"]
[BlackRD "77"]
[GameID "225880"]

1. b4 e5 2. a3 d5 3. Bb2 Bd6 4. d4 e4 5. e3 f5 6. f4 Nf6 7. Nd2 O-O 8. c4 c6 9. c5 Be7 10. b5 Ng4
11. a4 Nxe3 12. Qc1 Bh4+ 13. g3 Be7 14. Ke2 Ng4 15. Bh3 g5 16. Bxg4 fxg4 17. Ke3 gxf4+ 18. gxf4 Nd7 19. Qf1 Bg5 20. Qd1 Bxf4+
21. Ke2 Qh4 22. Qe1 Qh5 23. Kd1 e3 24. Nb3 Nf6 25. h3 gxh3+ 26. Kc2 Bf5+ 27. Kc3 Ne4+ 28. Kb4 b6 29. Qf1 Bc8 30. Rxh3 Bxh3
31. Nxh3 Bg3 32. Qg2 cxb5 33. Kxb5 a6+ 34. Kxb6 Qg6+ 35. Ka5 Rfb8 36. Ra3 Qc6
0-1

[Event "Under 1700"]
[Site "SchemingMind.com"]
[Date "2009.11.09"]
[Round "-"]
[White "lame wolf"]
[Black "lemmie"]
[Result "0-1"]
[WhiteCountry "INT"]
[BlackCountry "NED"]
[WhiteElo "1097"]
[WhiteRD "53"]
[BlackElo "1589"]
[BlackRD "50"]
[GameID "225881"]

1. b4 e5 2. a3 d5 3. d4 Nc6 4. e3 exd4 5. exd4 Nf6 6. Bb5 Bd7 7. Bxc6 Bxc6 8. Be3 Bd6 9. Nf3 O-O 10. O-O Bb5
11. Re1 Re8 12. Nc3 Bc6 13. b5 Bd7 14. a4 b6 15. Qd2 Bf5 16. Rac1 Bb4 17. Rb1 Ba5 18. Rb3 Ne4 19. Qc1 Nxc3 20. Bd2 Rxe1+
21. Bxe1 Ne2+ 22. Kf1 Nxc1 23. Re3 Bxe1 24. Rxe1 Na2 25. Ne5 Nb4
0-1

[Event "Under 1700"]
[Site "SchemingMind.com"]
[Date "2009.11.09"]
[Round "-"]
[White "lame wolf"]
[Black "mmccaffe"]
[Result "0-1"]
[WhiteCountry "INT"]
[BlackCountry "USA"]
[WhiteElo "1097"]
[WhiteRD "53"]
[BlackElo "1689"]
[BlackRD "58"]
[GameID "225882"]

1. b4 e5 2. a3 d6 3. Bb2 Nf6 4. d4 exd4 5. Qxd4 Nc6 6. Qd1 Be7 7. Bxf6 Bxf6 8. c3 a5 9. b5 Ne5 10. a4 O-O
11. e3 Bf5 12. Nd2 Qd7 13. c4 Rfd8 14. Ngf3 Nxf3+ 15. Nxf3 Bxa1 16. Qxa1 Be4 17. Qd4 Bxf3 18. gxf3 Qe6 19. Rg1 Qe5 20. Qxe5 dxe5
21. Be2 Rd7 22. f4 exf4 23. exf4 Re8
0-1

[Event "Under 1700"]
[Site "SchemingMind.com"]
[Date "2009.11.09"]
[Round "-"]
[White "lame wolf"]
[Black "nhitchings"]
[Result "1-0"]
[WhiteCountry "INT"]
[BlackCountry "USA"]
[WhiteElo "1116"]
[WhiteRD "51"]
[BlackElo "1473"]
[BlackRD "96"]
[GameID "225883"]

1. b4 d5 2. a3 Qd6 3. Bb2 e5 4. d4 e4 5. e3 Nf6 6. Be2 Nbd7 7. Nd2 c6 8. b5 Be7 9. a4 Nb6 10. Nb3 Nc4
11. Bxc4 Qb4+ 12. c3 Qxc4 13. Nd2 Qd3 14. Qe2 Qxe2+ 15. Nxe2 O-O 16. Ba3 Bxa3 17. Rxa3 Bd7 18. bxc6 bxc6 19. c4 a5 20. O-O Rfb8
21. c5 Rb2 22. Nb1 Rab8 23. Nec3 Bc8 24. Rd1 R8b4 25. Kf1 Ba6+ 26. Ke1 Ng4 27. Rd2 Rxb1+ 28. Nxb1 Rxb1+ 29. Rd1 Rb4 30. h3 Rb2
31. Rd2 Rb1+ 32. Rd1 Rxd1+ 33. Kxd1 Nxf2+ 34. Ke1 Nd3+ 35. Kd2 f5 36. Rb3 Nb4 37. Ke1 Bc4 38. Rb1 g5 39. g4 f4 40. exf4 gxf4
41. Kf2 Kf7 42. g5 Kg6 43. h4 Kf5 44. Rg1 e3+ 45. Kf3 Nc2 46. h5
1-0

[Event "Under 1700"]
[Site "SchemingMind.com"]
[Date "2009.11.09"]
[Round "-"]
[White "lame wolf"]
[Black "Shell"]
[Result "1-0"]
[WhiteCountry "INT"]
[BlackCountry "ENG"]
[WhiteElo "1097"]
[WhiteRD "53"]
[BlackElo "1207"]
[BlackRD "61"]
[GameID "225884"]

1. b4 e5 2. a3 d5 3. Bb2 Bd6 4. d4 e4 5. e3 Nf6 6. b5 O-O 7. a4 a6 8. c4 Bb4+ 9. Bc3 a5 10. Bxb4 axb4
11. Qb3 b6 12. Qxb4 c6 13. c5 Qe7 14. a5 bxc5 15. Qb2 c4 16. b6 c5 17. Ne2 Ng4 18. Nbc3 cxd4 19. Nxd5 Qe6 20. Nc7 Qc6
21. Nxa8 Qxa8 22. Nxd4 Na6 23. Bxc4 Ne5 24. Qb5 Nxc4 25. Qxc4 Be6 26. Nxe6 Rc8 27. Qe2 fxe6 28. O-O Nb4 29. Qb5 Nc6 30. Rac1 e5
31. f4 h6 32. b7 Rb8 33. bxa8=Q Rxa8 34. Rxc6 exf4 35. Qd5+ Kh8 36. Rxh6+ gxh6 37. Qxa8+ Kg7 38. Qe8 fxe3 39. a6 e2 40. Re1 e3
41. Qe6
1-0

[Event "Under 1700"]
[Site "SchemingMind.com"]
[Date "2009.11.09"]
[Round "-"]
[White "lame wolf"]
[Black "Imre030"]
[Result "1-0"]
[WhiteCountry "INT"]
[BlackCountry "HUN"]
[WhiteElo "1055"]
[WhiteRD "45"]
[BlackElo "1188"]
[BlackRD "93"]
[GameID "225885"]

1. b4 e5 2. a3 Nc6 3. Bb2 Nf6 4. d4 d6 5. d5 Nd4 6. Bxd4 Nxd5 7. c3 exd4 8. Nf3 Be7 9. Qd2 O-O 10. Nxd4 Bg5
11. Qd1 c5 12. Nf3 Nf4 13. e3 Bg4 14. Be2 Nxg2+ 15. Kd2 cxb4 16. cxb4 Re8 17. Qb3 Bf6 18. Ra2 Re4 19. Qd5 Bxf3 20. Bxf3 Re5
21. Qd3 Rxe3 22. fxe3 Rc8 23. Bxg2 a6 24. Bxb7 Rc7 25. Bxa6 Bh4 26. Rc2 Rxc2+ 27. Qxc2 Qg5 28. Kd3 Qd5+ 29. Ke2 f5 30. Rd1 Qg2+
31. Kd3 Qf2 32. Qxf2 Bxf2 33. Nc3 g5 34. Rf1 Bh4 35. Rxf5 d5 36. Rxd5 g4 37. Rh5
1-0

[Event "Under 1700"]
[Site "SchemingMind.com"]
[Date "2009.11.09"]
[Round "-"]
[White "XTC"]
[Black "lame wolf"]
[Result "1-0"]
[WhiteCountry "COL"]
[BlackCountry "INT"]
[WhiteElo "1679"]
[WhiteRD "53"]
[BlackElo "1097"]
[BlackRD "53"]
[GameID "225886"]

1. e4 c5 2. Nf3 d5 3. exd5 Qxd5 4. Nc3 Qd8 5. Bb5+ Bd7 6. Ne5 Bxb5 7. Nxb5 Na6 8. O-O Qd5 9. Nf3 e6 10. d3 Ne7
11. c4 Qd8 12. Re1 Nc6 13. a3 b6 14. Bg5 Be7 15. Bxe7 Nxe7 16. b4 cxb4 17. axb4 O-O 18. Qd2 Qe8 19. Rxa6 Qd7 20. Ne5 Qc8
21. Qf4 Qxa6 22. Nd6 Nf5 23. Nxf5 exf5 24. Nd7 Rfd8 25. Qxf5 Qb7 26. Re7
1-0

[Event "Under 1700"]
[Site "SchemingMind.com"]
[Date "2009.11.09"]
[Round "-"]
[White "Gilligan"]
[Black "lame wolf"]
[Result "1-0"]
[WhiteCountry "USA"]
[BlackCountry "INT"]
[WhiteElo "1613"]
[WhiteRD "77"]
[BlackElo "1097"]
[BlackRD "53"]
[GameID "225887"]

1. d4 Nf6 2. c4 d5 3. e3 e6 4. Nf3 Bb4+ 5. Bd2 Bxd2+ 6. Nbxd2 O-O 7. Be2 c6 8. O-O Nbd7 9. Rc1 b6 10. cxd5 Nxd5
11. a3 c5 12. Nc4 b5 13. Ncd2 c4 14. b3 Bb7 15. bxc4 bxc4 16. Nxc4 Rc8 17. Nd6 Rxc1 18. Qxc1 Qa5 19. Nxb7 Qxa3 20. Qxa3
1-0

[Event "Under 1700"]
[Site "SchemingMind.com"]
[Date "2009.11.09"]
[Round "-"]
[White "lemmie"]
[Black "lame wolf"]
[Result "1-0"]
[WhiteCountry "NED"]
[BlackCountry "INT"]
[WhiteElo "1589"]
[WhiteRD "50"]
[BlackElo "1097"]
[BlackRD "53"]
[GameID "225888"]

1. e4 c5 2. Nf3 d5 3. exd5 Qxd5 4. Nc3 Qd8 5. d4 e6 6. Be3 b6 7. dxc5 Bxc5 8. Bxc5 Qxd1+ 9. Rxd1 bxc5 10. Bb5+ Bd7
11. Bxd7+ Nxd7 12. Nb5 Ke7 13. O-O Ngf6 14. b3 Rhd8 15. h3 Nd5 16. c4 N5b6 17. Rd2 a6 18. Nd6 Kf8 19. Rfd1 Ra7 20. Ne4 Ke7
21. Nxc5 h6 22. Ne4 f5 23. Ng3 Kf6 24. Nh5+ Kg6 25. Nf4+ Kf6 26. Re2 e5 27. Nh5+ Ke6 28. Nxg7+ Kf6 29. Nh5+ Ke6 30. Nd4+ Ke7
31. Nxf5+ Ke6 32. Nhg3 Raa8 33. Nxh6 Nf6 34. Rxd8 Rxd8 35. Ng4 Nxg4 36. hxg4 Kf6 37. f3 a5 38. Nh5+ Ke6 39. Kf2 a4 40. Ng3
1-0

[Event "Under 1700"]
[Site "SchemingMind.com"]
[Date "2009.11.09"]
[Round "-"]
[White "mmccaffe"]
[Black "lame wolf"]
[Result "1-0"]
[WhiteCountry "USA"]
[BlackCountry "INT"]
[WhiteElo "1689"]
[WhiteRD "58"]
[BlackElo "1097"]
[BlackRD "53"]
[GameID "225889"]

1. e4 c5 2. Nf3 b6 3. d4 Bb7 4. Nc3 d5 5. dxc5 e6 6. exd5 Bxd5 7. Nxd5 Qxd5 8. Qxd5 exd5 9. cxb6 axb6 10. Bb5+ Kd8
11. Bg5+ Be7 12. Bxe7+ Nxe7 13. Ne5 Kc7 14. O-O-O f6 15. Nf3 Rd8 16. Rhe1 g5 17. Rxe7+ Kc8 18. a4 Nd7 19. Bxd7+ Rxd7 20. Rxd7 Kxd7
21. b3 Kc6 22. Re1 b5 23. axb5+ Kxb5 24. Kb2 Kb4 25. Re7 h5 26. Nd4 g4 27. Re6
1-0

[Event "Under 1700"]
[Site "SchemingMind.com"]
[Date "2009.11.09"]
[Round "-"]
[White "nhitchings"]
[Black "lame wolf"]
[Result "1-0"]
[WhiteCountry "USA"]
[BlackCountry "INT"]
[WhiteElo "1529"]
[WhiteRD "114"]
[BlackElo "1052"]
[BlackRD "44"]
[GameID "225890"]

1. e4 c5 2. b4 d6 3. bxc5 d5 4. exd5 Qxd5 5. Nf3 Qxc5 6. c3 Bg4 7. Be2 e6 8. Qa4+ Nc6 9. Qxg4 Qe7 10. O-O Nf6
11. Qa4 a6 12. Bb5 Nd7 13. Bxc6 bxc6 14. Qxc6 Rd8 15. Ba3 Qf6 16. Re1 Bxa3 17. Nxa3 O-O 18. Rab1 Rfe8 19. Nc4 Nb8 20. Qb7 Qe7
21. Nd4 Qxb7 22. Rxb7 Kf8 23. Ne5 Re7 24. Rxe7 Kxe7 25. Ndc6+
1-0

[Event "Under 1700"]
[Site "SchemingMind.com"]
[Date "2009.11.09"]
[Round "-"]
[White "Shell"]
[Black "lame wolf"]
[Result "1-0"]
[WhiteCountry "ENG"]
[BlackCountry "INT"]
[WhiteElo "1207"]
[WhiteRD "61"]
[BlackElo "1097"]
[BlackRD "53"]
[GameID "225891"]

1. d4 d5 2. c4 dxc4 3. Nf3 b5 4. a4 b4 5. e4 Bg4 6. Bxc4 Bxf3 7. Qxf3 e6 8. O-O a5 9. Bb5+ c6 10. Bc4 Qxd4
11. Nd2 c5 12. Rd1 Qf6 13. Bb5+ Ke7 14. Qxf6+ Nxf6 15. Nc4 Nxe4 16. Nb6 Ra7 17. Nc8+ Kf6 18. Nxa7 Bd6 19. f3 Ng5 20. Rxd6 Kg6
21. Bd3+ f5 22. h4 Nf7 23. Rxe6+ Kh5 24. f4 Kxh4 25. Be3 Rd8 26. Bf2+ Kg4 27. Be2+ Kxf4 28. Be3+ Kg3 29. Bf2+ Kf4 30. g3+ Kg5
31. Be3+ f4 32. Bxf4+ Kf5 33. Re7 Kf6 34. Rb7 Rd2 35. Bc4 Rxb2 36. Rxf7+ Kg6 37. Nc6
1-0

[Event "Under 1700"]
[Site "SchemingMind.com"]
[Date "2009.11.09"]
[Round "-"]
[White "Imre030"]
[Black "lame wolf"]
[Result "1/2-1/2"]
[WhiteCountry "HUN"]
[BlackCountry "INT"]
[WhiteElo "1188"]
[WhiteRD "93"]
[BlackElo "1055"]
[BlackRD "45"]
[GameID "225892"]

1. e4 c5 2. Nc3 b6 3. d3 Bb7 4. Bf4 d5 5. Nf3 d4 6. Nb1 e6 7. Be2 Bd6 8. O-O Bxf4 9. Nfd2 Bxd2 10. Qxd2 e5
11. c3 Bc8 12. Bd1 Be6 13. Bh5 g6 14. Bf3 f6 15. cxd4 Ne7 16. dxc5 Nbc6 17. Nc3 bxc5 18. Rac1 O-O 19. Nd5 Nxd5 20. exd5 Bxd5
21. Bxd5+ Qxd5 22. b3 e4 23. Rc4 Qxd3 24. Qxd3 exd3 25. Rxc5 Nb4 26. Ra5 Rfe8 27. Rb5 Nxa2 28. Rb7 d2 29. Rd7 Re1 30. Rxd2 Rxf1+
31. Kxf1 Nb4 32. Rd6 a5 33. f4 a4 34. bxa4 Rxa4 35. Rd8+ Kg7 36. g3 Nc2 37. h4 Ne3+ 38. Kf2 Ng4+ 39. Kf3 Nh6 40. Rd7+ Nf7
41. g4 h5 42. g5 f5 43. Re7 Ra3+ 44. Ke2 Kf8 45. Re6 Kg7 46. Re3 Rxe3+ 47. Kxe3 Nd6 48. Kd4=
1/2-1/2

[Event "Under 1700"]
[Site "SchemingMind.com"]
[Date "2009.11.10"]
[Round "-"]
[White "Jonno"]
[Black "lame wolf"]
[Result "1-0"]
[WhiteCountry "ENG"]
[BlackCountry "INT"]
[WhiteElo "1379"]
[WhiteRD "99"]
[BlackElo "1097"]
[BlackRD "53"]
[GameID "226155"]

1. e4 c5 2. Nf3 d5 3. exd5 Qxd5 4. Nc3 Qd8 5. Bc4 Bd7 6. O-O Bc6 7. a3 Bxf3 8. Qxf3 e6 9. Qxb7 Nd7 10. Nb5 Qb8
11. Nc7+ Ke7 12. Qxa8 Qxa8 13. Nxa8 Ngf6 14. d3 Kd8 15. Bf4 Nb6 16. Bc7+ Kc8 17. Ba6+ Kd7 18. Bb5+ Ke7 19. Bc6 Nfd5 20. Rad1 Nxc7
21. Nxc7 g6 22. d4 cxd4 23. Rxd4 Bg7 24. Rd7+ Nxd7 25. Rd1 Nc5 26. b4 Na4 27. Rd7+ Kf6 28. Bxa4 Rc8 29. c4 Kg5 30. c5 Be5
31. Na6 Kf6 32. g3 Bb2 33. Rxa7 Bxa3 34. c6
1-0

[Event "Under 1700"]
[Site "SchemingMind.com"]
[Date "2009.11.10"]
[Round "-"]
[White "Jonno"]
[Black "XTC"]
[Result "0-1"]
[WhiteCountry "ENG"]
[BlackCountry "COL"]
[WhiteElo "1193"]
[WhiteRD "70"]
[BlackElo "1818"]
[BlackRD "48"]
[GameID "226156"]

1. e4 e5 2. Nf3 Nc6 3. Bb5 a6 4. Ba4 Nf6 5. O-O Nxe4 6. d4 b5 7. Bb3 d5 8. dxe5 Be6 9. Nbd2 Nc5 10. c3 d4
11. Bxe6 Nxe6 12. cxd4 Ncxd4 13. a4 Be7 14. Nxd4 Nxd4 15. Ne4 O-O 16. axb5 Nxb5 17. Be3 Qxd1 18. Raxd1 Rfd8 19. Bg5 Bxg5 20. Nxg5 h6
21. Ne4 Na7 22. f4 Nc6 23. Nc5 a5 24. Nb7 Rxd1 25. Rxd1 Nb4 26. f5 a4 27. e6 fxe6 28. fxe6 Kf8 29. Re1 Ke7 30. Nc5 Nc2
0-1